Astronomy for students and general readers /

Bibliographic Details
Main Author: Newcomb, Simon, 1835-1909
Format: Book
Language:English
Published: New York : H. Holt and company, 1880.
Edition:2d ed.
Series:American science series.
Subjects:

MARC

Tag First Indicator Second Indicator Subfields
LEADER 00000cam a2200000 4500
001 in00000040911
005 20151007064727.0
008 781016s1880 nyu 00000 eng d
035 |a (OCoLC)04296724 
035 |9 AAE0468AM 
040 |a MVS  |c MVS  |d TXA  |d UtOrBLW 
049 |a TXAM  |c [91570] 
090 |a QB45  |b .N48 1880 
092 |a 520.7  |b N538a 
100 1 |a Newcomb, Simon,  |d 1835-1909. 
245 1 0 |a Astronomy for students and general readers /  |c by Simon Newcomb ... and Edward S. Holden. 
250 |a 2d ed. 
264 1 |a New York :  |b H. Holt and company,  |c 1880. 
300 |a xi, 512 pages :  |b frontispiece, illustrations ;  |c 29 cm. 
336 |a text  |b txt  |2 rdacontent 
337 |a unmediated  |b n  |2 rdamedia 
338 |a volume  |b nc  |2 rdacarrier 
490 1 |a American science series 
650 0 |a Astronomy. 
830 0 |a American science series. 
999 |a MARS 
999 f f |s 946ff928-8241-3593-8daa-368b6395e93f  |i 994b719c-e831-3433-87a9-3f656406815d  |t 0 
952 f f |p ric  |a Texas A&M University  |b Rellis Campus  |c Joint Library Facility  |d Remote Storage  |t 0  |e QB45 .N48 1880  |h Library of Congress classification  |i unmediated -- volume  |m A14800898492 
998 f f |a QB45 .N48 1880  |t 0  |l Remote Storage